Konzumácia a detekcia dezinformácií ľuďmi

Enregistré dans:
Détails bibliographiques
Auteur principal: Rybárik, Sandro (Auteur)
Autres auteurs: Šimko, Jakub (Directeur de thèse)
Format: Manuscrit Livre
Langue:slovaque
Publié: 2020
Sujets:
Accès en ligne:http://is.stuba.sk/zp/portal_zp.pl?podrobnosti=142138
Tags: Ajouter un tag
Pas de tags, Soyez le premier à ajouter un tag!

MARC

LEADER 00000ntm a22000003a 4500
001 stuzp80617
003 SK-STU
005 20200620212007.7
007 ta
008 150427s2015----xo-----f-mn---000-0-slo-d
040 |a STU  |b slo 
041 0 |a slo 
100 1 |a Rybárik, Sandro  |u 070200  |4 aut  |U FIIT Fakulta informatiky a informačných technológií  |T FIIT Ústav informatiky, informačných systémov a softvérového inžinierstva  |X 92143  |U I200  |Y 179  |7 92143 
242 0 1 |a Consumption and detection of disinformation by humans  |y eng 
245 1 0 |a Konzumácia a detekcia dezinformácií ľuďmi 
260 |c 2020 
650 4 |a falošné správy  |2 slo 
650 4 |a smartfón  |2 slo 
650 4 |a kredibilita  |2 slo 
650 4 |a hodnotenie kredibility  |2 slo 
650 4 |a webové stránky  |2 slo 
650 4 |a fake news  |2 eng 
650 4 |a websites  |2 eng 
650 4 |a smartphones  |2 eng 
650 4 |a credibility  |2 eng 
650 4 |a credibility evaluation  |2 eng 
700 1 |a Šimko, Jakub  |u 070200  |k Z1  |4 ths  |U FIIT Fakulta informatiky a informačných technológií  |T FIIT Ústav informatiky, informačných systémov a softvérového inžinierstva  |X 17040  |U I200  |Y 179  |7 A000017040 
856 4 |u http://is.stuba.sk/zp/portal_zp.pl?podrobnosti=142138